|
|
|
|
| LEADER |
00000nas a2200000 a 4500 |
| 001 |
ssj0001194 |
| 003 |
WaSeSS |
| 005 |
20200512172242.0 |
| 006 |
m d |
| 007 |
cr n |
| 008 |
020403c19729999mauqr p s 0 a0eng c |
| 010 |
|
|
|a 2002214347
|
| 015 |
|
|
|a GBB349509
|2 bnb
|
| 016 |
7 |
|
|a 012432988
|2 Uk
|
| 022 |
|
|
|a 1540-6288
|y 0732-8516
|
| 035 |
|
|
|a (WaSeSS)ssj0001194
|
| 037 |
|
|
|b Blackwell Publishers, 350 Main St., Malden, MA 02148
|c $160.00
|
| 040 |
|
|
|a OH1
|b eng
|c OH1
|d NSD
|d OCLCQ
|d OCL
|d OCLCQ
|d GUA
|d OCLCS
|d MUQ
|d CLU
|d OCLCQ
|d OCLCF
|d OCLCO
|d OCLCQ
|d WT2
|d NLE
|d OCLCQ
|d AU@
|d UKMGB
|d VT2
|d OCLCQ
|d U3W
|d NJT
|d OCLCQ
|d WaSeSS
|
| 042 |
|
|
|a nsdp
|a pcc
|
| 043 |
|
|
|a n-us---
|
| 050 |
1 |
4 |
|a HG181
|
| 082 |
1 |
0 |
|a 332
|2 13
|
| 130 |
0 |
|
|a Financial review (Online)
|
| 210 |
0 |
|
|a Financ. rev.
|b (Online)
|
| 222 |
|
4 |
|a The financial review (Online)
|
| 245 |
1 |
4 |
|a The financial review
|h [electronic resource].
|
| 246 |
3 |
|
|a FR
|f <1999->
|
| 260 |
|
|
|3 1972- :
|a [Oxford] :
|b [Blackwell Publishers],
|c [1972]-
|
| 260 |
3 |
|
|3 <2010-> :
|a Malden, MA :
|b Wiley
|
| 310 |
|
|
|a Quarterly,
|b 1979-
|
| 321 |
|
|
|a Annual,
|b 1972-1976
|
| 321 |
|
|
|a 3 times a year,
|b 1977-1978
|
| 362 |
0 |
|
|a Vol. 7, issue 1 (Feb. 1972)-
|
| 500 |
|
|
|a Title from contents screen (Blackwell Synergy, viewed May 11, 2005).
|
| 506 |
|
|
|a License restrictions may limit access.
|
| 550 |
|
|
|a Published on behalf of the Eastern Finance Association, <May 1982-Feb. 1999>; and: the Midwest Finance Association, <Feb. 1993->
|
| 550 |
|
|
|a Sponsored by: University of Mississippi, School of Business Administration, Dept. of Finance, <2010->
|
| 588 |
1 |
|
|a Vol. 45, no. 2 (May 2010) (Wiley InterScience, viewed July 8, 2010).
|
| 650 |
|
0 |
|a Finance
|z United States
|v Periodicals.
|
| 650 |
|
0 |
|a Finance
|v Periodicals.
|
| 650 |
|
6 |
|a Finances
|v Périodiques.
|
| 650 |
|
6 |
|a Finances
|z États-Unis
|v Périodiques.
|
| 650 |
|
7 |
|a Finance.
|2 fast
|0 (OCoLC)fst00924349
|
| 651 |
|
7 |
|a United States.
|2 fast
|0 (OCoLC)fst01204155
|
| 655 |
|
0 |
|a Electronic journals.
|
| 710 |
2 |
|
|a Eastern Finance Association (U.S.)
|
| 710 |
2 |
|
|a Midwest Finance Association.
|
| 710 |
2 |
|
|a University of Mississippi.
|b School of Business Administration.
|
| 776 |
0 |
8 |
|i Print version:
|t Financial review
|x 0732-8516
|w (DLC) 82645794
|w (OCoLC)1152672
|
| 780 |
0 |
0 |
|t Appalachian financial review (Online)
|w (DLC) 2005233933
|w (OCoLC)60388082
|
| 856 |
4 |
0 |
|z Full text available from Research Library: 08/01/1987 to 08/31/2001
|u https://search.proquest.com/publication/37348
|